书目信息 |
| 题名: |
园林植物生长发育与环境
|
|
| 作者: | 关继东 , 朱志民 编著 | |
| 分册: | ||
| 出版信息: | 北京 科学出版社 2014.2 |
|
| 页数: | 17,415页 | |
| 开本: | 26cm | |
| 丛书名: | ||
| 单 册: | ||
| 中图分类: | S688.01 | |
| 科图分类: | ||
| 主题词: | 园林植物--植物生长--环境生态学--高等职业教育--教材 , 园林植物 , 植物生长 , 环境生态学 | |
| 电子资源: | ||
| ISBN: | 978-7-03-039641-9 | |
| 000 | 01276nam0 2200313 450 | |
| 001 | 0400002982 | |
| 005 | 20171026101202.15 | |
| 010 | @a978-7-03-039641-9@dCNY49.00 | |
| 100 | @a20140702d2014 em y0chiy50 ea | |
| 101 | 0 | @achi |
| 102 | @aCN@b110000 | |
| 105 | @aa z 000yy | |
| 106 | @ar | |
| 200 | 1 | @a园林植物生长发育与环境@9yuan lin zhi wu sheng zhang fa yu yu huan jing@f关继东,朱志民编著 |
| 205 | @a第2版 | |
| 210 | @a北京@c科学出版社@d2014.2 | |
| 215 | @a17,415页@c图@d26cm | |
| 300 | @a普通高等教育“十二五”规划教材 全国高职高专园林类专业规划教材 | |
| 300 | @a国家社会科学基金“十一五”规划“以就业为导向的职业教育教学理论与实践研究”子课题“以就业为导向的高等职业教育园林类专业教学整体解决方案设计与实践研究”研究成果系列教材 | |
| 330 | @a本书包括11个学习单元,内容包括:植物的细胞和组织、植物种子和营养器官的形态结构及生长、植物生长基本特性与调控、园林植物的开花结实与休眠衰老、园林植物生长发育与水分等。 | |
| 606 | 0 | @a园林植物@x植物生长@x环境生态学@x高等职业教育@j教材 |
| 606 | 0 | @a园林植物 |
| 606 | 0 | @a植物生长 |
| 606 | 0 | @a环境生态学 |
| 690 | @aS688.01@v5 | |
| 701 | 0 | @a关继东@9guan ji dong@f(1955~)@4编著 |
| 701 | 0 | @a朱志民@9zhu zhi min@c(林业)@4编著 |
| 801 | 0 | @aCN@b91MARC@c20171021 |
| 905 | @b1035376-80@dS688.01@f5@e446=2 | |
| 园林植物生长发育与环境/关继东,朱志民编著.-第2版.-北京:科学出版社,2014.2 |
| 17,415页:图;26cm |
| 普通高等教育“十二五”规划教材 全国高职高专园林类专业规划教材.-国家社会科学基金“十一五”规划“以就业为导向的职业教育教学理论与实践研究”子课题“以就业为导向的高等职业教育园林类专业教学整体解决方案设计与实践研究”研究成果系列教材 |
| ISBN 978-7-03-039641-9:CNY49.00 |
| 本书包括11个学习单元,内容包括:植物的细胞和组织、植物种子和营养器官的形态结构及生长、植物生长基本特性与调控、园林植物的开花结实与休眠衰老、园林植物生长发育与水分等。 |
| ● |
| 相关链接 |
|
|
|
|
正题名:园林植物生长发育与环境
索取号:S688.01/446=2
 
预约/预借
| 序号 | 登录号 | 条形码 | 馆藏地/架位号 | 状态 | 备注 |
| 1 | 1035376 | 210353767 | 第二样本阅览室/ [索取号:S688.01/446=2] | 在馆 | |
| 2 | 1035377 | 210353776 | 第三借阅区/ [索取号:S688.01/446=2] | 在馆 | |
| 3 | 1035378 | 210353785 | 第三借阅区/ [索取号:S688.01/446=2] | 在馆 | |
| 4 | 1035379 | 210353794 | 第三借阅区/ [索取号:S688.01/446=2] | 在馆 | |
| 5 | 1035380 | 210353801 | 密集书库-生命科学系/ [索取号:S688.01/446=2] | 在馆 |